La divina commedia
Na minha lista:
| Autor principal: | |
|---|---|
| Formato: | Livro |
| Idioma: | Língua italiana |
| Publicado em: |
Verona
Mondadori
1963
|
| Edição: | 12a. ed |
| Assuntos: | |
| Tags: |
Adicionar Tag
Sem tags, seja o primeiro a adicionar uma tag!
|
MARC
| LEADER | 00000nam a2200000 a 4500 | ||
|---|---|---|---|
| 001 | UCQ1503 | ||
| 003 | CL-VaPUC | ||
| 005 | 20230123115026.0 | ||
| 008 | 980710e19630000IT |||||||||||||||||ita|d | ||
| 999 | |c 272444 |d 272442 | ||
| 040 | |c Pontificia Universidad Católica de Valparaíso | ||
| 082 | 0 | 4 | |a 851 |b ALI |2 21 |
| 100 | |a Alighieri, Dante |e autore |9 880061 | ||
| 245 | 1 | 3 | |a La divina commedia |
| 250 | |a 12a. ed | ||
| 260 | |a Verona |b Mondadori |c 1963 | ||
| 300 | |a v | ||
| 500 | |a v.1: Inferno | ||
| 500 | |a v.2: Purgatorio | ||
| 500 | |a v.3: Paradiso | ||
| 583 | |a last modification |c 19980710 00:00:00 |k Rodrigo Vera | ||
| 650 | 0 | |a Poesías italianas |9 265352 | |
| 942 | |c BK |2 ddc | ||
| 945 | |d 19980710 00:00:00 |a mvenant | ||
| 952 | |0 0 |1 0 |4 0 |6 851_000000000000000_ALI_1963 |7 0 |8 A |9 307436 |a BIBART |b BIBART |d 2019-11-20 |h v.1 |i 344368K |o 851 ALI 1963 |p 344368K |r 2025-03-13 |w 2019-11-20 |y BK |k ART | ||
| 952 | |0 0 |1 0 |4 0 |6 851_000000000000000_ALI_1963 |7 0 |8 A |9 307437 |a BIBART |b BIBART |d 2019-11-20 |h v.2 |i 3443906 |o 851 ALI 1963 |p 3443906 |r 2025-03-13 |w 2019-11-20 |y BK |k ART | ||